Faulting and land subsidence from ground-water and hydrocarbon production, Houston-Galveston area, Texas /

Bibliographic Details
Main Author: Kreitler, Charles W (Author)
Format: Book
Language:English
Published: Austin, Tex. : Bureau of Economic Geology, University of Texas at Austin, 1978.
Series:Research note - Bureau of Economic Geology, University of Texas at Austin ; 8
Subjects:

MARC

Tag First Indicator Second Indicator Subfields
LEADER 00000cam a2200000 i 4500
001 in00004805621
008 800730s1978 txuab b s000 0 eng d
005 20240807182221.5
035 |a (OCoLC)ocm06566402  
040 |a IKM  |b eng  |e rda  |c IKM  |d OCL  |d OCLCQ  |d OCLCF  |d OCLCQ  |d OCLCO  |d OCLCA  |d OCLCO  |d OCLCL  |d OCLCQ 
035 |a (OCoLC)06566402 
043 |a n-us-tx 
050 4 |a QE167  |b .K73 
082 0 4 |a 553.09764 
049 |a MAIN 
100 1 |a Kreitler, Charles W,  |e author 
245 1 0 |a Faulting and land subsidence from ground-water and hydrocarbon production, Houston-Galveston area, Texas /  |c Charles W. Kreitler. 
264 1 |a Austin, Tex. :  |b Bureau of Economic Geology, University of Texas at Austin,  |c 1978. 
300 |a ii, 22 leaves :  |b graphs, maps ;  |c 28 cm. 
336 |a text  |b txt  |2 rdacontent 
337 |a unmediated  |b n  |2 rdamedia 
338 |a volume  |b nc  |2 rdacarrier 
490 1 |a Research note - Bureau of Economic Geology, University of Texas at Austin ;  |v 8 
500 |a Tx Doc numbers: Z, UA220.7, R311n, numbers 8. 
500 |a "Reprinted from Symposium of Anaheim, 1977, Land Subsidence, IAHS publication no. 121." 
504 |a Includes bibliographical references (leaves 21-22). 
590 |b TAG Physical Holdings 2 
650 0 |a Subsidences (Earth movements)  |z Texas  |z Houston. 
650 0 |a Faults (Geology)  |z Texas.  |0 http://id.loc.gov/authorities/subjects/sh93001577 
650 0 |a Groundwater  |z Texas. 
650 6 |a Affaissements (Mouvements du sol)  |z Texas  |z Houston. 
650 6 |a Eau souterraine  |z Texas. 
650 7 |a Faults (Geology)  |2 fast  |0 (OCoLC)fst00921993 
650 7 |a Groundwater.  |2 fast  |0 (OCoLC)fst00948209 
650 7 |a Subsidences (Earth movements)  |2 fast  |0 (OCoLC)fst01136712 
651 7 |a Texas.  |2 fast  |0 (OCoLC)fst01210336  |1 https://id.oclc.org/worldcat/entity/E39PBJj8XjVR9hP7dPxwVtRqcP 
651 7 |a Texas  |z Houston.  |2 fast  |0 (OCoLC)fst01205077  |1 https://id.oclc.org/worldcat/entity/E39PBJcwwHg6ftwJRtD4b43G73 
810 2 |a University of Texas at Austin.  |b Bureau of Economic Geology.  |t Research note - Bureau of Economic Geology ;  |v 8. 
994 |a 92  |b TAG 
852 |a TAG  |b TAGC  |c galv,gbay  |h QE600.3 H64 GBAY  |t c.1 
876 |c 73.91  |p 33620000260303  |x replacement list  |v unmediated -- volume 
999 f f |s ab0d9e21-f31b-472c-9a57-aa16777e0115  |i f2c049b3-b365-48c3-9f42-89f916daec12  |t 0 
952 f f |p normal  |a Texas A&M University  |b Galveston Campus  |c Jack K. Williams Library  |d Galveston Stacks  |t 0  |e QE600.3 H64 GBAY  |h Library of Congress classification  |i unmediated -- volume  |m 33620000260303 
998 f f |a QE600.3 H64 GBAY  |t 0  |l Galveston Stacks